000 00804nam a22002651a 4500
001 9017
003 BD-RjUL
005 20211208234712.0
008 140120s1981 enk 000 0 eng d
020 _a0070923728
035 _aCURL 018334000863(Cam) from tjkc9
_a(BD-RjUL)9062
040 _aBD-RjUL
_beng
_cBD-RjUL
_dBD-RjUL
041 _aeng
082 _2540
_bBRC
_a540
100 1 _aBreck, W. G.
_927995
245 1 0 _aChemistry for science and engineering /
_cW.G. Breck, R.J.C. Brown, J.D. McCowan
260 _aToronto ;
_aLondon :
_bMcGraw-Hill,
_cc1981
300 _a721 p. ;
_c25 cm
500 _aIncludes bibliographies and index
500 _aText on lining papers
650 0 _aChemistry
_927996
700 1 _aBrown, R. J. C.
_927997
700 1 _aMcCowan, J. D.
_927998
942 _2ddc
_cBK
999 _c9017
_d9017